Tilastot visalle Sanat - "Rakkauden ammattilainen" - Juice Leskinen

Klikkaa tästä pelataksesi tätä visaa!

Yleistilastot

  • Tätä visaa on pelattu 143 kertaa
    (142 viimeisimmän päivityksen jälkeen)
  • Keskiarvotulos 116 / 164

Vastaustilastot

Sanat% Oikein
ammattilainen.
100%
rakkauden
100%
rakkauden,
100%
Hän
98%
hän
98%
on
97%
ei
93%
tee
92%
tee,
92%
siitä
91%
sitä
91%
ja
88%
sai
87%
mutta
86%
ammatiksi
85%
saa
85%
Saa
85%
nainen?
84%
mies
83%
sen
83%
sen,
83%
hyvä
81%
kohtalon
81%
Minkälaisen
81%
työksi.
81%
joka
80%
Ihminen
78%
Ihminen,
78%
rakastamaan,
73%
yöksi,
73%
menee
72%
Onko
72%
opetellut
72%
rakkautta
71%
väliä
71%
minne
70%
koulutusta.
69%
pitää
69%
vailla
69%
yllä.
67%
arvostelijoissaan
64%
kyllä.
64%
aiheuttaa
63%
pahennusta.
63%
kestää
59%
Siksi
55%
saarnaa.
53%
tekee
53%
häntä
51%
periaatteen
50%
vaan
49%
Ne
47%
piikittelee,
47%
vain
47%
rakastaa
45%
vaatteen.
42%
viimeisenkin
42%
läpi
41%
, läpi
41%
typeryys
41%
nilkan.
40%
Oppilaiden
38%
ranteen
38%
taikka
37%
vuorollaan
37%
kaarnaa.
36%
naulat
35%
kasvaa
34%
naavaa
33%
Rakkaus
33%
kun
30%
antaa
29%
omatuntoon.
28%
paatuneeseen
28%
pilkan.
28%
ajoittain
27%
Ihmissydän
27%
ihmisyyden
26%
itsekkyys
26%
hoitaa
24%
katkeraa
23%
julmuuden
22%
kaiken
22%
kuntoon.
22%
satuttaa
22%
ihmistä
21%
kantaa
20%
mukanaan
20%
Terveellinen
19%

Tulosjakauma

Persentiili vastausten määrän mukaan

Jokaisen tuloksen saaneiden osuus

Tuloshistoriasi

Et ole pelannut tätä visaa sen viimeisimmän päivityksen jälkeen